[Event "Mecklenburg VP-ch Seniors op 06th"]
[Site "Plau am See"]
[Date "2006.10.12"]
[Round "9"]
[White "Stecklina, Otto"]
[Black "Lehnert, Herbert"]
[Result "1-0"]
[WhiteElo "1728"]
[BlackElo "1547"]
[PlyCount "43"]
[EventDate "2006.10.04"]
[EventType "swiss"]
[EventRounds "9"]
[EventCountry "GER"]
[SourceTitle "EXT 2022"]
[Source "ChessBase"]
[SourceDate "2021.10.06"]
[SourceVersion "1"]
[SourceVersionDate "2021.10.06"]
[SourceQuality "1"]

1. d4 d5 2. c4 e6 3. Nc3 Be7 4. Nf3 Nf6 5. e3 Nbd7 6. cxd5 exd5 7. Bd3 c6 8. 0-0 0-0 9. b3 Re8 10. Bb2 Bd6 11. Bf5 Nf8 12. Qc2 Bxf5 13. Qxf5 g6 14. Qc2 Qc7 15. h3 N8d7 16. Rac1 Rad8 17. Qd3 Qb8 18. Rfe1 Ne4 19. Qe2 Ndf6 20. Nxe4 Nxe4 21. Ne5 c5 22. Qd1 1-0

[Event "Mecklenburg VP-ch Seniors op 06th"]
[Site "Plau am See"]
[Date "2006.10.10"]
[Round "7"]
[White "Karwen, Werner"]
[Black "Lehnert, Herbert"]
[Result "1/2-1/2"]
[WhiteElo "1559"]
[BlackElo "1547"]
[PlyCount "82"]
[EventDate "2006.10.04"]
[EventType "swiss"]
[EventRounds "9"]
[EventCountry "GER"]
[SourceTitle "EXT 2022"]
[Source "ChessBase"]
[SourceDate "2021.10.06"]
[SourceVersion "1"]
[SourceVersionDate "2021.10.06"]
[SourceQuality "1"]

1. Nf3 d5 2. d4 e6 3. c4 Nd7 4. Nc3 dxc4 5. Bf4 Nb6 6. e3 Bd6 7. Bxd6 cxd6 8. Bxc4 Bd7 9. Bd3 Nf6 10. Qc2 Rc8 11. Rc1 Nfd5 12. Qb1 f5 13. 0-0 0-0 14. Rfe1 Bc6 15. Nxd5 Nxd5 16. Nd2 Qg5 17. Bf1 Qf6 18. Nc4 e5 19. dxe5 dxe5 20. Na5 Nb6 21. Nxc6 Rxc6 22. Rxc6 Qxc6 23. Rc1 Qd6 24. Rc3 e4 25. Qc1 Rd8 26. g3 Kf7 27. Rc7+ Rd7 28. Rxd7+ Qxd7 29. Qc5 Kg6 30. Qe5 Qd5 31. Qe8+ Qf7 32. Qxf7+ Kxf7 33. Be2 Kf6 34. Kf1 g5 35. h3 Nd5 36. a3 f4 37. exf4 gxf4 38. Bc4 Nb6 39. Bg8 Kg7 40. Ba2 Kf6 41. Ke2 Ke5 1/2-1/2

[Event "Mecklenburg VP-ch Seniors op 06th"]
[Site "Plau am See"]
[Date "2006.10.08"]
[Round "5"]
[White "Lehnert, Herbert"]
[Black "Garms, Ilse"]
[Result "1-0"]
[WhiteElo "1547"]
[BlackElo "1552"]
[PlyCount "112"]
[EventDate "2006.10.04"]
[EventType "swiss"]
[EventRounds "9"]
[EventCountry "GER"]
[SourceTitle "EXT 2022"]
[Source "ChessBase"]
[SourceDate "2021.10.06"]
[SourceVersion "1"]
[SourceVersionDate "2021.10.06"]
[SourceQuality "1"]

1. e4 e5 2. Nf3 d6 3. Bc4 Be7 4. d3 Nf6 5. h3 Bd7 6. Nc3 a6 7. Nd5 Nxd5 8. exd5 c6 9. 0-0 cxd5 10. Bxd5 Bc6 11. Bb3 Nd7 12. Re1 0-0 13. c3 b5 14. Be3 h6 15. Nh2 Bg5 16. d4 Bxe3 17. Rxe3 exd4 18. Qxd4 Qf6 19. Rd1 Qxd4 20. Rxd4 d5 21. Bxd5 Bxd5 22. Rxd5 Nb6 23. Rd4 Nc4 24. Re2 Rfe8 25. Rc2 Re1+ 26. Nf1 Ra1 27. b3 Ne5 28. f4 Ng6 29. Kf2 Re8 30. Ne3 Rc8 31. c4 bxc4 32. Nxc4 Rc6 33. Re2 Re6 34. Ne3 Ne7 35. Rc2 Rxe3 36. Rd8+ Kh7 37. Kxe3 Re1+ 38. Re2 Nf5+ 39. Kf2 Rc1 40. g4 Nh4 41. Kg3 Ng6 42. f5 Rc3+ 43. Kf2 Nh4 44. Ree8 g5 45. fxg6+ Nxg6 46. Rd6 Rc2+ 47. Re2 Rc3 48. Rf6 Kg7 49. Rf3 Rc7 50. Kg3 Nf8 51. Rd3 Ne6 52. b4 Rc4 53. Rb2 Rc6 54. a4 Rb6 55. Rdb3 Rc6 56. Re3 Rb6 1-0

[Event "Mecklenburg VP-ch Seniors op 06th"]
[Site "Plau am See"]
[Date "2006.10.07"]
[Round "4"]
[White "Neumann, Reinhard"]
[Black "Lehnert, Herbert"]
[Result "1/2-1/2"]
[WhiteElo "1506"]
[BlackElo "1547"]
[PlyCount "57"]
[EventDate "2006.10.04"]
[EventType "swiss"]
[EventRounds "9"]
[EventCountry "GER"]
[SourceTitle "EXT 2022"]
[Source "ChessBase"]
[SourceDate "2021.10.06"]
[SourceVersion "1"]
[SourceVersionDate "2021.10.06"]
[SourceQuality "1"]

1. e4 e5 2. Nf3 d6 3. d4 exd4 4. Qxd4 h6 5. Bc4 Nc6 6. Qd1 Nf6 7. Nc3 Bg4 8. 0-0 Be7 9. Re1 0-0 10. a3 Ne5 11. Be2 Nxf3+ 12. Bxf3 Be6 13. e5 dxe5 14. Bxb7 Qxd1 15. Rxd1 Rab8 16. Bf3 Bf5 17. Rd2 e4 18. Bd1 c6 19. b4 Rfd8 20. Rxd8+ Rxd8 21. Be3 Nd5 22. Nxd5 cxd5 23. Bxa7 Bf6 24. Rb1 Ra8 25. Bc5 Rxa3 26. b5 Rc3 27. Bd6 Bc8 28. b6 Bb7 29. Bc7 1/2-1/2

[Event "Sachsen-ch Seniors 13th"]
[Site "Dresden"]
[Date "2004.07.20"]
[Round "7"]
[White "Lehnert, Herbert"]
[Black "Reese, August Ernst"]
[Result "0-1"]
[WhiteElo "1948"]
[BlackElo "2135"]
[PlyCount "76"]
[EventDate "2004.07.15"]
[EventType "swiss"]
[EventRounds "9"]
[EventCountry "GER"]
[SourceTitle "EXT 2006"]
[Source "ChessBase"]
[SourceDate "2005.11.24"]
[SourceVersion "1"]
[SourceVersionDate "2005.11.24"]
[SourceQuality "1"]

1. e4 c5 2. Nf3 Nc6 3. d4 cxd4 4. Nxd4 g6 5. Be3 Nf6 6. Bd3 Bg7 7. 0-0 Ng4 8. Nxc6 Nxe3 9. fxe3 bxc6 10. Qf3 0-0 11. c3 Qb6 12. Qe2 d5 13. exd5 cxd5 14. Kh1 f5 15. b3 e5 16. Qd2 Be6 17. Na3 Rac8 18. Rac1 Bh6 19. Rce1 Qa5 20. Nb1 Qb6 21. Qe2 Rc7 22. c4 e4 23. Bc2 dxc4 24. Nd2 c3 25. Nc4 Qc5 26. Rd1 Kh8 27. Rd4 Bg7 28. Rfd1 Bxd4 29. exd4 Qc6 30. Ne3 Bd5 31. Qf2 f4 32. Ng4 Qe6 33. Ne3 Rff7 34. Nxd5 Qxd5 35. Qe2 Rfe7 36. Kg1 a5 37. a4 g5 38. g3 e3 0-1

[Event "GER North-ch Seniors 6th"]
[Site "Bad Bevensen"]
[Date "2003.06.27"]
[Round "7"]
[White "Lehnert, Herbert"]
[Black "Hunold, Rolf"]
[Result "0-1"]
[WhiteElo "1742"]
[BlackElo "2119"]
[PlyCount "70"]
[EventDate "2003.06.??"]
[EventType "swiss"]
[EventRounds "9"]
[EventCountry "GER"]
[SourceTitle "EXT 2006"]
[Source "ChessBase"]
[SourceDate "2005.11.24"]
[SourceVersion "1"]
[SourceVersionDate "2005.11.24"]
[SourceQuality "1"]

1. e4 c5 2. b3 a6 3. a4 d6 4. c4 Nc6 5. Nc3 g6 6. d3 Bg7 7. Bd2 e6 8. Rb1 Nge7 9. f4 Nd4 10. Nf3 Nec6 11. Na2 b5 12. Nxd4 Nxd4 13. g3 Rb8 14. Bg2 Bd7 15. axb5 axb5 16. Bc3 b4 17. Bxd4 Bxd4 18. h4 h5 19. Bf3 Bc6 20. Rh2 Qf6 21. Qe2 Rb6 22. Kf1 e5 23. fxe5 Bxe5 24. Kg2 Bd7 25. Rf1 Qe6 26. Rhh1 0-0 27. Qd2 Ra6 28. Nc1 Rfa8 29. Qg5 Kh7 30. Be2 f6 31. Qe3 Ra1 32. Qd2 Rb1 33. Qd1 Ra2 34. Kf2 Qg4 35. Rfg1 Rxc1 0-1

[Event "GER North-ch Seniors 6th"]
[Site "Bad Bevensen"]
[Date "2003.06.26"]
[Round "6"]
[White "Lehnert, Herbert"]
[Black "Kuehn, Peter1111"]
[Result "1-0"]
[WhiteElo "1742"]
[BlackElo "1992"]
[PlyCount "80"]
[EventDate "2003.06.??"]
[EventType "swiss"]
[EventRounds "9"]
[EventCountry "GER"]
[SourceTitle "EXT 2006"]
[Source "ChessBase"]
[SourceDate "2005.11.24"]
[SourceVersion "1"]
[SourceVersionDate "2005.11.24"]
[SourceQuality "1"]

1. e4 c5 2. Nf3 e6 3. b3 d6 4. d4 cxd4 5. Nxd4 a6 6. a4 Nf6 7. Bd3 Nbd7 8. 0-0 Be7 9. Bb2 0-0 10. Nd2 Qc7 11. Re1 Ne5 12. Bf1 Bd7 13. g3 Rac8 14. Rc1 Nc6 15. Nxc6 Bxc6 16. Bg2 e5 17. c4 a5 18. Nb1 Bd7 19. Nc3 Qb6 20. Qc2 h6 21. h3 Bc6 22. Rcd1 Bd7 23. Ba3 Rfd8 24. Kh2 Be6 25. f4 exf4 26. gxf4 Bf8 27. f5 Bd7 28. Bc1 Re8 29. Be3 Qc7 30. Kh1 Bc6 31. Bf4 b6 32. Qd3 Rcd8 33. Qf3 Qb7 34. Re2 Qa8 35. Kh2 Nd7 36. Bh1 Ne5 37. Qg3 Kh7 38. h4 h5 39. Kh3 Qc8 40. Bxe5 Rxe5 1-0

[Event "GER North-ch Seniors 5th"]
[Site "Bad Bevensen"]
[Date "2002.06.23"]
[Round "2"]
[White "Kies, Werner"]
[Black "Lehnert, Herbert"]
[Result "1-0"]
[WhiteElo "2138"]
[BlackElo "1796"]
[PlyCount "71"]
[EventDate "2002.06.??"]
[EventType "swiss"]
[EventRounds "9"]
[EventCountry "GER"]
[SourceTitle "EXT 2006"]
[Source "ChessBase"]
[SourceDate "2005.11.24"]
[SourceVersion "1"]
[SourceVersionDate "2005.11.24"]
[SourceQuality "1"]

1. e4 e5 2. Nf3 Nc6 3. Bb5 a6 4. Ba4 b5 5. Bb3 d6 6. c3 Be7 7. 0-0 Na5 8. Bc2 c5 9. d4 Qc7 10. d5 Rb8 11. b3 Nf6 12. h3 0-0 13. Nh2 g6 14. f4 exf4 15. Bxf4 Nh5 16. Bh6 Ng7 17. Ng4 Bxg4 18. Qxg4 Qc8 19. Qf3 Qd8 20. Nd2 Bg5 21. Bxg5 Qxg5 22. Qe2 Nh5 23. Rf3 Qe7 24. g4 Ng7 25. Qf2 b4 26. c4 Nb7 27. Rf1 Nd8 28. Re3 Re8 29. Nf3 f5 30. e5 fxg4 31. hxg4 Nf7 32. e6 Nd8 33. Nd2 Qg5 34. Ne4 Qe7 35. Nf6+ Kh8 36. Rh3 1-0

[Event "Bayern-ch Seniors 10th"]
[Site "Schloss Schney"]
[Date "1998.??.??"]
[Round "4"]
[White "Lehnert, Herbert"]
[Black "Ophoff, Rigobert"]
[Result "1/2-1/2"]
[WhiteElo "1655"]
[BlackElo "1985"]
[PlyCount "37"]
[EventDate "1998.07.03"]
[EventType "swiss"]
[EventRounds "9"]
[EventCountry "GER"]
[SourceTitle "EXT 2006"]
[Source "ChessBase"]
[SourceDate "2005.11.24"]
[SourceVersion "1"]
[SourceVersionDate "2005.11.24"]
[SourceQuality "1"]

1. e4 c5 2. Nf3 d6 3. d4 cxd4 4. Nxd4 Nf6 5. Nc3 a6 6. Be2 e5 7. Nb3 Be7 8. Be3 Be6 9. 0-0 0-0 10. f3 Nbd7 11. Qe1 Qc7 12. Qf2 b5 13. a3 d5 14. exd5 Nxd5 15. Nxd5 Bxd5 16. Rfc1 Rfc8 17. Bd3 g6 18. Be4 Bxe4 19. fxe4 1/2-1/2

[Event "Bayern-ch Seniors 10th"]
[Site "Schloss Schney"]
[Date "1998.??.??"]
[Round "3"]
[White "Ludwig, Ines"]
[Black "Lehnert, Herbert"]
[Result "0-1"]
[WhiteElo "1654"]
[BlackElo "1655"]
[PlyCount "76"]
[EventDate "1998.07.03"]
[EventType "swiss"]
[EventRounds "9"]
[EventCountry "GER"]
[SourceTitle "EXT 2006"]
[Source "ChessBase"]
[SourceDate "2005.11.24"]
[SourceVersion "1"]
[SourceVersionDate "2005.11.24"]
[SourceQuality "1"]

1. d4 d5 2. e3 Nf6 3. Bd3 e6 4. Nd2 c5 5. c3 Bd7 6. f4 c4 7. Bc2 Bc6 8. Qf3 Nbd7 9. Ne2 g6 10. Ng3 Nb6 11. e4 dxe4 12. Ngxe4 Nfd5 13. Qg3 Be7 14. Nf3 Nd7 15. 0-0 f6 16. Bd2 N5b6 17. b3 Bd5 18. b4 Nc8 19. a4 b6 20. h4 Nd6 21. Nxd6+ Bxd6 22. Qh3 Kf7 23. h5 Bxf3 24. Qxf3 f5 25. Be1 Rc8 26. Qh3 Nf6 27. Bh4 gxh5 28. Bxf6 Qxf6 29. Qxh5+ Qg6 30. Qf3 Rhg8 31. Rae1 Bxf4 32. d5 Qh6 33. dxe6+ Ke7 34. Qb7+ Rc7 35. Qxc7+ Bxc7 36. Rxf5 Qh2+ 37. Kf2 Rxg2+ 38. Ke3 Rxc2 0-1

[Event "Bayern-ch Seniors 09th"]
[Site "Schloss Schney"]
[Date "1997.??.??"]
[Round "4"]
[White "Lehnert, Herbert"]
[Black "Ludwig, Ines"]
[Result "1-0"]
[WhiteElo "1700"]
[BlackElo "1605"]
[PlyCount "103"]
[EventDate "1997.??.??"]
[EventType "swiss"]
[EventRounds "9"]
[EventCountry "GER"]
[SourceTitle "EXT 1999"]
[Source "ChessBase"]
[SourceDate "1998.11.16"]
[SourceVersion "1"]
[SourceVersionDate "1998.11.16"]
[SourceQuality "1"]

1. e4 c5 2. Nf3 d6 3. d4 cxd4 4. Nxd4 Nf6 5. Nc3 a6 6. Bc4 e6 7. 0-0 b5 8. Bd3 Bb7 9. a3 Nbd7 10. Be3 Nc5 11. f3 Nxd3 12. Qxd3 Qc7 13. Rfd1 d5 14. exd5 Nxd5 15. Nxd5 Bxd5 16. Qe2 Qe5 17. c3 Bd6 18. g3 0-0 19. Qf2 Rfd8 20. Re1 Qf6 21. f4 Qg6 22. f5 Qg4 23. Bd2 e5 24. Nc2 Bc5 25. Ne3 Qe4 26. Kf1 Qh1+ 27. Ke2 Qe4 28. Kf1 Qd3+ 29. Qe2 Be4 30. Rad1 Bxe3 31. Bxe3 Qxe2+ 32. Kxe2 Bxf5 33. Kf3 e4+ 34. Kf4 Bg6 35. g4 Rd3 36. h4 h6 37. Rf1 Rad8 38. Bd4 e3 39. Rxd3 Bxd3 40. Re1 e2 41. Ke3 Bc4 42. b3 Re8+ 43. Kd2 Bxb3 44. Rxe2 Rd8 45. Re7 a5 46. Ra7 a4 47. Rb7 Bc4 48. Re7 Ra8 49. Ke3 Ra6 50. Kf4 g6 51. Re8+ Kh7 52. Rh8# 1-0

[Event "GER-ch Seniors 07th"]
[Site "Oldenburg"]
[Date "1995.??.??"]
[Round "4"]
[White "Lehnert, Herbert"]
[Black "Didzuhn, Werner"]
[Result "0-1"]
[WhiteElo "1703"]
[BlackElo "1858"]
[PlyCount "56"]
[EventDate "1995.08.24"]
[EventType "swiss"]
[EventRounds "9"]
[EventCountry "GER"]
[SourceTitle "EXT 2022"]
[Source "ChessBase"]
[SourceDate "2021.10.06"]
[SourceVersion "1"]
[SourceVersionDate "2021.10.06"]
[SourceQuality "1"]

1. e4 c5 2. Nf3 d6 3. d4 cxd4 4. Nxd4 Nf6 5. Nc3 g6 6. Be2 Bg7 7. 0-0 0-0 8. Be3 Nc6 9. Nb3 Be6 10. Qd2 d5 11. exd5 Nxd5 12. Nd1 Nxe3 13. Qxe3 Nd4 14. Nxd4 Bxd4 15. Qc1 Rc8 16. c3 Qc7 17. Ne3 Be5 18. h3 h5 19. g4 hxg4 20. Bxg4 Bxg4 21. hxg4 Kg7 22. Re1 Rh8 23. Ng2 Bh2+ 24. Kf1 Qc4+ 25. Re2 Qxg4 26. f3 Bg3 27. Ne1 Rh1+ 28. Kg2 Qh3# 0-1